赤字83線 - Statistics

General Stats
  • This quiz has been taken 414 times
  • The average score is 28 of 83
Answer Stats
Answer % Correct
興浜南線
61%
興浜北線
61%
江差線 一部
59%
札沼線 一部
59%
標津線
59%
深名線
59%
越美南線
59%
越美北線
55%
白糠線
52%
美幸線
50%
瀬棚線
49%
能登線
49%
岩内線
46%
名松線
46%
只見線
45%
湧網線
43%
会津線 一部
42%
長井線
42%
根北線
41%
阿仁合線
41%
日南線
41%
渚滑線
40%
木原線
40%
牟岐線 一部
40%
相生線
39%
可部線 一部
39%
岩日線
39%
三木線
39%
中村線
39%
佐賀線
39%
大畑線
38%
若桜線
38%
矢島線
37%
弥彦線 一部
37%
富内線
36%
大湊線
36%
日中線
36%
鍛冶屋線
36%
北条線
36%
高森線
36%
黒石線
35%
八戸線 一部
35%
真岡線
35%
明知線
35%
気仙沼線
34%
指宿枕崎線 一部
34%
倉吉線
33%
妻線
33%
大社線
32%
内子線
32%
鍛冶屋原線
32%
添田線
32%
湯前線
32%
烏山線
31%
小松島線
30%
赤谷線
29%
勝田線
28%
宮之城線
28%
参宮線 一部
27%
信楽線
27%
唐津線 一部
27%
三江北線
26%
三江南線
26%
鳴門線
25%
山野線
24%
魚沼線
23%
香椎線 一部
22%
宮原線
19%
篠山線
18%
三国線
17%
世知原線
17%
矢部線
17%
川俣線
16%
宇品線
16%
香月線
15%
幸袋線
14%
日ノ影線
14%
臼ノ浦線
13%
宇和島線
12%
小本線
11%
古江線
11%
細島線
9%
室木線
9%
No matching quizzes found
Score Distribution
Percent of People with Each Score
Percentile by Number Answered
Your Score History
You have not taken this quiz